| 000 | 003560000a22001450004500 | ||
|---|---|---|---|
| 003 | MACL | ||
| 040 | _aMACL | ||
| 090 |
_c32168 _d32166 |
||
| 100 | _aLandrum, Gene N | ||
| 245 |
_aEight keys to Greatness _bHow to Unlock your Hidden Potential |
||
| 260 |
_bMagna Publishing Co Ltd _c1999 |
||
| 350 | _a175 | ||
| 650 | _aGeneralities | ||
| 942 |
_cBOOK _k001/LAN |
||
| 999 |
_c31841 _d31841 |
||